000 00346nam a2200121Ia 4500
008 231129s9999||||xx |||||||||||||| ||spa||
020 _a958-96180-3-0
040 _bspa
082 _aR 912.861 A881a
245 0 _aAtlas basico de colombia y el mundo
264 _aBibliografica Internacional
942 _2ddc
_cBKS
999 _c5774
_d5774